01380cam a2200241 a 45000010009000000050017000090080041000260200022000670200025000890400012001140420008001260500015001340820014001491000017001632450066001802500012002462600029002583000042002875000020003295050748003496500020010977000021011171717898620220225114849.0120223s2013 maua 001 0 eng  a1292018380 (pbk.) a9781292018386 (pbk.) aDLCcLC apcc00aHB172.B13 00a338.52221 aBade, Robin.10aFoundations of microeconomics. /cRobin Bade, Michael Parkin. a7th ed. aBoston:bPearson,c2015. axxxvii, 570 p. :bcol. ill. ;c28 cm. aIncludes index. aContents: Introduction: Getting started -- The U.S. and global economies -- The economic problem -- Demand and supply -- A closer look at markets: Elasticities of demand and supply -- Efficiency and fairness of markets -- How governments influence the economy: Government actions in markets -- Taxes -- Global markets in action -- Market failure and public policy: Externalities -- Public goods and common resources -- Markets with private information -- A closer look at decision makers: Consumer choice and demand -- Production and cost -- Prices, profits and industry performance: Perfect competition -- Monopoly -- Monopolistic competition -- Oligopoly -- Incomes and inequality: Markets for factors of production -- Economic inequality -- 0aMicroeconomics.1 aParkin, Michael,